| 000 | 00884nam a2200289 i 4500 | ||
|---|---|---|---|
| 001 | 60169 | ||
| 003 | ES-MaACL | ||
| 005 | 20250827062610.0 | ||
| 007 | t| | ||
| 008 | 031103s1986 sp ||||1| spa d | ||
| 020 | _a84-7398-418-8 | ||
| 110 | 1 |
_aEspaña _93622 |
|
| 240 | 1 | 0 | _aLeyes, etc., tributarias |
| 245 | 1 | 0 |
_aLegislación básica del sistema tributario español / _cJuan Calero, Francisco Escribano, Rafael Navas. |
| 250 | _a[1ª ed.]. | ||
| 260 |
_aMadrid : _bCivitas, _c1986. |
||
| 300 |
_a1159 p. ; _c18 cm. |
||
| 490 | 1 | _aCódigos básicos | |
| 500 | _aIndices. | ||
| 700 | 0 |
_aCalero Gallego, Juan. _933658 |
|
| 700 | 1 |
_aEscribano López, Francisco. _9138677 |
|
| 700 | 1 |
_aNavas Vázquez, Rafael. _9138678 |
|
| 740 | 0 | _aLeyes, etc., tributarias. | |
| 830 | 0 |
_aCódigos básicos _9179633 |
|
| 852 |
_aES-MaACL _jL-10356 _bR.112496 |
||
| 999 |
_c60169 _d60169 |
||